<?xml version="1.0" encoding="UTF-8"?>
<collection xmlns:xsi="http://www.w3.org/2001/XMLSchema-instance" xsi:schemaLocation="http://www.loc.gov/MARC21/slim http://www.loc.gov/standards/marcxml/schema/MARC21slim.xsd" xmlns="http://www.loc.gov/MARC21/slim">
 <record>
  <leader>00000cam a2200000 c 4500</leader>
  <controlfield tag="001">800985850</controlfield>
  <controlfield tag="003">DE-627</controlfield>
  <controlfield tag="005">20251128222153.0</controlfield>
  <controlfield tag="007">cr uuu---uuuuu</controlfield>
  <controlfield tag="008">141111s2013    ao |||||o     00| ||por c</controlfield>
  <datafield tag="024" ind1="7" ind2=" ">
   <subfield code="a">11163/3938</subfield>
   <subfield code="2">hdl</subfield>
  </datafield>
  <datafield tag="035" ind1=" " ind2=" ">
   <subfield code="a">(DE-627)800985850</subfield>
  </datafield>
  <datafield tag="035" ind1=" " ind2=" ">
   <subfield code="a">(DE-599)GBV800985850</subfield>
  </datafield>
  <datafield tag="035" ind1=" " ind2=" ">
   <subfield code="a">(OCoLC)935692058</subfield>
  </datafield>
  <datafield tag="040" ind1=" " ind2=" ">
   <subfield code="a">DE-627</subfield>
   <subfield code="b">ger</subfield>
   <subfield code="c">DE-627</subfield>
   <subfield code="e">rda</subfield>
  </datafield>
  <datafield tag="041" ind1=" " ind2=" ">
   <subfield code="a">por</subfield>
  </datafield>
  <datafield tag="044" ind1=" " ind2=" ">
   <subfield code="c">XC-AO</subfield>
  </datafield>
  <datafield tag="084" ind1=" " ind2=" ">
   <subfield code="a">30</subfield>
   <subfield code="2">ssgn</subfield>
  </datafield>
  <datafield tag="084" ind1=" " ind2=" ">
   <subfield code="a">f2013:0222</subfield>
   <subfield code="2">isced</subfield>
  </datafield>
  <datafield tag="084" ind1=" " ind2=" ">
   <subfield code="a">p2011:3</subfield>
   <subfield code="2">isced</subfield>
  </datafield>
  <datafield tag="084" ind1=" " ind2=" ">
   <subfield code="a">p2011:5</subfield>
   <subfield code="2">isced</subfield>
  </datafield>
  <datafield tag="245" ind1="0" ind2="0">
   <subfield code="a">Programa de história - 12a classe</subfield>
   <subfield code="b">formação de professores do 1o ciclo do ensino secundário : opção história/geografia</subfield>
   <subfield code="c">INIDE, Instituto Nacional de Investigação e Desenvolvimento da Educação</subfield>
  </datafield>
  <datafield tag="246" ind1="3" ind2="0">
   <subfield code="a">primo</subfield>
  </datafield>
  <datafield tag="250" ind1=" " ind2=" ">
   <subfield code="a">2.a edição</subfield>
  </datafield>
  <datafield tag="264" ind1=" " ind2="1">
   <subfield code="a">[São Paulo]</subfield>
   <subfield code="b">Editora Moderna, S.A.</subfield>
   <subfield code="c">2013</subfield>
  </datafield>
  <datafield tag="300" ind1=" " ind2=" ">
   <subfield code="a">1 Online-Ressource (PDF-Datei: 18 Seiten, 189 KB)</subfield>
  </datafield>
  <datafield tag="336" ind1=" " ind2=" ">
   <subfield code="a">Text</subfield>
   <subfield code="b">txt</subfield>
   <subfield code="2">rdacontent</subfield>
  </datafield>
  <datafield tag="337" ind1=" " ind2=" ">
   <subfield code="a">Computermedien</subfield>
   <subfield code="b">c</subfield>
   <subfield code="2">rdamedia</subfield>
  </datafield>
  <datafield tag="338" ind1=" " ind2=" ">
   <subfield code="a">Online-Ressource</subfield>
   <subfield code="b">cr</subfield>
   <subfield code="2">rdacarrier</subfield>
  </datafield>
  <datafield tag="500" ind1=" " ind2=" ">
   <subfield code="a">Literaturverzeichnis: Seite 18</subfield>
  </datafield>
  <datafield tag="655" ind1=" " ind2="7">
   <subfield code="a">Lehrplan</subfield>
   <subfield code="0">(DE-588)4035117-8</subfield>
   <subfield code="0">(DE-627)106249312</subfield>
   <subfield code="0">(DE-576)209010835</subfield>
   <subfield code="2">gnd-content</subfield>
  </datafield>
  <datafield tag="689" ind1="0" ind2="0">
   <subfield code="D">g</subfield>
   <subfield code="0">(DE-588)4002050-2</subfield>
   <subfield code="0">(DE-627)106394649</subfield>
   <subfield code="0">(DE-576)208845534</subfield>
   <subfield code="a">Angola</subfield>
   <subfield code="2">gnd</subfield>
  </datafield>
  <datafield tag="689" ind1="0" ind2="1">
   <subfield code="D">s</subfield>
   <subfield code="0">(DE-588)4020533-2</subfield>
   <subfield code="0">(DE-627)106317695</subfield>
   <subfield code="0">(DE-576)208933778</subfield>
   <subfield code="a">Geschichtsunterricht</subfield>
   <subfield code="2">gnd</subfield>
  </datafield>
  <datafield tag="689" ind1="0" ind2="2">
   <subfield code="D">s</subfield>
   <subfield code="0">(DE-588)4054367-5</subfield>
   <subfield code="0">(DE-627)106162985</subfield>
   <subfield code="0">(DE-576)20910841X</subfield>
   <subfield code="a">Sekundarstufe 2</subfield>
   <subfield code="2">gnd</subfield>
  </datafield>
  <datafield tag="689" ind1="0" ind2="3">
   <subfield code="D">s</subfield>
   <subfield code="0">(DE-588)4053514-9</subfield>
   <subfield code="0">(DE-627)106166859</subfield>
   <subfield code="0">(DE-576)209104171</subfield>
   <subfield code="a">Schuljahr 12</subfield>
   <subfield code="2">gnd</subfield>
  </datafield>
  <datafield tag="689" ind1="0" ind2=" ">
   <subfield code="5">(DE-627)</subfield>
  </datafield>
  <datafield tag="710" ind1="2" ind2=" ">
   <subfield code="a">Instituto Nacional de Investigação e Desenvolvimento da Educação</subfield>
   <subfield code="g">Luanda</subfield>
   <subfield code="e">Herausgebendes Organ</subfield>
   <subfield code="4">isb</subfield>
  </datafield>
  <datafield tag="856" ind1="4" ind2="0">
   <subfield code="u">https://edumedia-depot.gei.de/bitstream/handle/11163/3938/800985850_2013_A.pdf?sequence=2</subfield>
   <subfield code="x">Verlag</subfield>
   <subfield code="3">Volltext</subfield>
   <subfield code="7">1</subfield>
  </datafield>
  <datafield tag="912" ind1=" " ind2=" ">
   <subfield code="a">GBV_ILN_216</subfield>
  </datafield>
  <datafield tag="912" ind1=" " ind2=" ">
   <subfield code="a">ISIL_DE-Bs78</subfield>
  </datafield>
  <datafield tag="912" ind1=" " ind2=" ">
   <subfield code="a">SYSFLAG_1</subfield>
  </datafield>
  <datafield tag="912" ind1=" " ind2=" ">
   <subfield code="a">GBV_KXP</subfield>
  </datafield>
  <datafield tag="951" ind1=" " ind2=" ">
   <subfield code="a">BO</subfield>
  </datafield>
  <datafield tag="980" ind1=" " ind2=" ">
   <subfield code="2">216</subfield>
   <subfield code="1">01</subfield>
   <subfield code="x">3708</subfield>
   <subfield code="b">1508654204</subfield>
   <subfield code="h">ed144</subfield>
   <subfield code="y">zsb</subfield>
   <subfield code="z">11-11-14</subfield>
  </datafield>
  <datafield tag="983" ind1=" " ind2=" ">
   <subfield code="2">216</subfield>
   <subfield code="1">00</subfield>
   <subfield code="x">DE-Bs78</subfield>
   <subfield code="8">00</subfield>
   <subfield code="a">l120</subfield>
  </datafield>
  <datafield tag="983" ind1=" " ind2=" ">
   <subfield code="2">216</subfield>
   <subfield code="1">00</subfield>
   <subfield code="x">DE-Bs78</subfield>
   <subfield code="8">00</subfield>
   <subfield code="a">u080</subfield>
  </datafield>
  <datafield tag="983" ind1=" " ind2=" ">
   <subfield code="2">216</subfield>
   <subfield code="1">00</subfield>
   <subfield code="x">DE-Bs78</subfield>
   <subfield code="8">00</subfield>
   <subfield code="a">z508</subfield>
  </datafield>
  <datafield tag="983" ind1=" " ind2=" ">
   <subfield code="2">216</subfield>
   <subfield code="1">00</subfield>
   <subfield code="x">DE-Bs78</subfield>
   <subfield code="8">00</subfield>
   <subfield code="a">dlc</subfield>
  </datafield>
  <datafield tag="995" ind1=" " ind2=" ">
   <subfield code="2">216</subfield>
   <subfield code="1">01</subfield>
   <subfield code="x">3708</subfield>
   <subfield code="a">ed144</subfield>
  </datafield>
  <datafield tag="995" ind1=" " ind2=" ">
   <subfield code="2">216</subfield>
   <subfield code="1">01</subfield>
   <subfield code="x">3708</subfield>
   <subfield code="a">ks</subfield>
  </datafield>
 </record>
</collection>
